000
00254nam a2200097Ia 4500
001
655910
005
20250826154546.0
008
250824s9999 xx 000 0 und d
245
0
_a
TALİHSİZ SER 7 KARGA LANETİ SC
_c
LEMONY SNICKET
260
_b
DOĞAN EGMONT
999
_c
655910
_d
655910